|
|
|
|
| LEADER |
00000nam0a2200000 4500 |
| 001 |
124123 |
| 005 |
20231031130758.0 |
| 010 |
|
|
|a 5268010131
|
| 035 |
|
|
|a (RuTPU)RU\TPU\book\134334
|
| 090 |
|
|
|a 124123
|
| 100 |
|
|
|a 20071029d1990 m y0rusy50 ca
|
| 101 |
0 |
|
|a rus
|
| 102 |
|
|
|a RU
|
| 105 |
|
|
|a a z 001ay
|
| 200 |
1 |
|
|a Брестская крепость
|f С. С. Смирнов
|
| 210 |
|
|
|a Москва
|c Советская Россия
|d 1990
|
| 215 |
|
|
|a 400 с.
|
| 225 |
1 |
|
|a Подвиг
|
| 610 |
1 |
|
|a советская литература
|
| 610 |
1 |
|
|a проза
|
| 610 |
1 |
|
|a Великая Отечественная война 1941-1945
|
| 675 |
|
|
|a Р2
|v 3
|
| 700 |
|
1 |
|a Смирнов
|b С. С.
|g Сергей Сергеевич
|
| 801 |
|
1 |
|a RU
|b 63413507
|c 20071029
|g PSBO
|
| 942 |
|
|
|c BK
|